000
00273nam a22001337a 4500
008
170817b xxu||||| |||| 00| 0 eng d
020
_a
9780618249749
041
_a
eng
080
_a
51
100
_a
36
101
_a
MAT
245
_a
MATH
_c
LARSON.B
942
_2
udc
_c
BK
999
_c
23977
_d
23977